Skvosty slovenskej hrnčiny

Bibliographic Details
Main Author: Barica, Ján, 1928-2005 (Author)
Format: Article
Language:Slovak
Subjects:

MARC

LEADER 00000nab a2200000 a 4500
001 vtls001005108
003 SK-MaSNL
005 20260426071848.0
008 140423e19960000xo 0 slo
035 |a RV5708 
040 |a RVGKPD  |b slo  |c RVGKPD  |e AACR2 
041 0 |a slo 
044 |a xo  |c SK 
080 |a 738  |2 1981 
080 |a 82.09  |2 1981 
100 1 |a Barica, Ján,  |d 1928-2005  |4 aut  |9 124168 
245 1 0 |a Skvosty slovenskej hrnčiny 
650 0 7 |a hrnčiarstvo  |2 RVGKPD  |9 30594 
650 0 7 |a tradície  |2 RVGKPD  |9 15975 
651 7 |a Slovensko  |2 RVGKPD  |9 14231 
651 7 |a Pozdišovce (Slovensko)  |2 RVGKPD  |9 51696 
773 0 8 |t Literárny týždenník  |g Roč. 9, č.40 (1996), s. 13 
852 |a ZVYKNI  |b KIS3GCP 
999 |c 2682829  |d 2684759